000 00616cam a22002293a 4500
001 2719
003 PGUSA
005 20140828083020.0
008 010701s2001||||xxu|||||s|||||000 1 eng d
040 _aPGUSA
_beng
042 _adc
050 4 _aPS
100 1 _aJames, Henry,
_d1843-1916
245 1 0 _aGreville Fane
_h[electronic resource] /
_cHenry James
260 _bProject Gutenberg,
_c2001
506 _aPublic domain in the USA.
516 _aElectronic text
653 _aWomen authors -- Fiction
830 0 _aProject Gutenberg
_v2719
856 4 0 _uhttp://www.gutenberg.org/ebooks/2719
942 _cEB
999 _c232052
_d232052